Normal view
MARC view
Entry Topical Term
001 - CONTROL NUMBER
- control field: 55128
003 - CONTROL NUMBER IDENTIFIER
- control field: OSt
005 - DATE AND TIME OF LATEST TRANSACTION
- control field: 20241101134107.0
008 - FIXED-LENGTH DATA ELEMENTS
- fixed length control field: 241101|| aca||aabn | a|a d
040 ## - CATALOGING SOURCE
- Original cataloging agency: OSt
- Transcribing agency: OSt
150 ## - HEADING--TOPICAL TERM
- Topical term or geographic name entry element: ပုတီးစိတ်နည်း
670 ## - SOURCE DATA FOUND
- Source citation: Work cat.: (OSt)16868: ဇာဂရမထေရ်၊ ဦး၊ နံယော- 55126, စတုဘုမ္မိကကျင့်စဉ် /, ၁၉၅၅။